| 000 | 00700cam a2200253 4500 | ||
|---|---|---|---|
| 001 | J301 | ||
| 008 | 090401t1981 xxu||||| |||| 00| 0 eng d | ||
| 035 | _a(Sirsi) u74331 | ||
| 041 | _aeng | ||
| 050 | _a692.9 | ||
| 090 | _aJCT 1981/12A | ||
| 110 |
_aJoint Contracts Tribunal _93664 |
||
| 245 | _aDomestic Sub-contract DOM/2: articles of agreement... (1981 edition). | ||
| 260 |
_aLondon _bBEC _c1981 |
||
| 300 | _a24p. ; 30cm. | ||
| 350 | _a0 | ||
| 650 | _aCONTRACTORS DESIGN | ||
| 650 | _aDOM/2 | ||
| 650 | _aJCT STANDARD FORM OF CONTRACT WITH CONTRACTORS DESIGN | ||
| 650 | _aSUBCONTRACTS | ||
| 690 | _aBUILT ENVIRONMENT-BUILDING CONTRACT FORMS | ||
| 942 | _n0 | ||
| 948 | _c04/03/1997 | ||
| 999 |
_c95810 _d95810 |
||